01637nam a22003977a 4500003000500000005001700005008004100022010001000063011001000073035001100083040000900094090001000103100004500113245011300158260004100271300003900312502007800351590003700429590004100466590004100507590004100548590004200589650003600631650003400667650002500701650003200726650003400758901000700792905001800799942000900817949005800826949006300884999001700947952014000964952013501104CHAP20220329143230.0070521d2007 mx r 00110 spa d a93646 a94618 a105213 cCHAP aTesis1 aAntonio Martinez, Maria Magdalena.9609810aProducción de forraje verde hidroponico de trigo en invernaderoc/por María Magdalena Antonio Martínez aChapingo, Méx. :bEl autor,c2007. a50 h. :bilus.; gráfs.; cuadros. aTesis (Ing. Agr. Esp. en Fitotecnia) - - UACH. Departamento de Fitotecnia aALEPHb10c20130110lUCH01h1518 aBATCH-UPDb10c20130110lUCH01h0725 aBATCH-UPDb10c20130410lUCH01h0409 aBATCH-UPDb10c20130914lUCH01h1131 aCONVERSIONb10c20130109lUCH01h135214aCultivos en invernadero.93037614aForrajesxRendimiento.94259314aHidroponía.95528014aTrigo como forraje.911513514aTrigoxGerminación.9115031 aBK aElisama A. H. cFOLL aTesisbBCcTESd33724002029983eTS1h46754i105213sb aTesisbBCcTESd33724002030025eTS2fc.2h46755i105213si c93646d93646 00102local4053708TESISaBCbBCcPA_TESISd2019-12-31fTESISl0oTesisp33724002030025r2019-12-31 00:00:00tc.2w2019-12-31yTESIS 00102local4051708TESISaBCbBCcPA_TESISd2019-12-31fTESISl0oTesisp33724002029983r2019-12-31 00:00:00w2019-12-31yTESIS